000 00494nam a2200181Ia 4500
001 8524
005 20260306160615.0
008 260306t2016||||xx |||||||||||||| ||spa||
041 _aESP
082 _a371.102
_bCH56
100 _aChiva Bartoll, Óscar
_eAUT
245 0 _aMétodos pedagógicos activos y globalizadores:
_bconceptualización y propuestas de aplicación
260 _c2016
300 _a137 páginas :
_c23 cm.
650 _aGEN
654 _aCED
942 _cLIB
_dJUS
_fJUS
_2ddc
_n
999 _c8524
_d8524